Lessons in elementary biology (Record no. 138697)

MARC details
000 -LEADER
fixed length control field 00430nam a2200181Ia 4500
003 - CONTROL NUMBER IDENTIFIER
control field OSt
005 - DATE AND TIME OF LATEST TRANSACTION
control field 20230518102438.0
008 - FIXED-LENGTH DATA ELEMENTS--GENERAL INFORMATION
fixed length control field 210210b1901 xxu||||| |||| 00| 0 eng d
040 ## - CATALOGING SOURCE
Transcribing agency AL
041 ## - LANGUAGE CODE
Language code of text/sound track or separate title eng
082 ## - DEWEY DECIMAL CLASSIFICATION NUMBER
Classification number 590/235
100 ## - MAIN ENTRY--PERSONAL NAME
Personal name PARKER (T J)
9 (RLIN) 107743
245 ## - TITLE STATEMENT
Title Lessons in elementary biology
260 ## - PUBLICATION, DISTRIBUTION, ETC.
Place of publication, distribution, etc. London
Name of publisher, distributor, etc. Macmillan & Co. Ltd.
Date of publication, distribution, etc. 1901
690 ## - LOCAL SUBJECT ADDED ENTRY--TOPICAL TERM (OCLC, RLIN)
Topical term or geographic name as entry element Zoology
9 (RLIN) 107744
906 ## - LOCAL DATA ELEMENT F, LDF (RLIN)
a 010807
942 ## - ADDED ENTRY ELEMENTS (KOHA)
Source of classification or shelving scheme Dewey Decimal Classification
Koha item type Book
Holdings
Withdrawn status Lost status Source of classification or shelving scheme Damaged status Not for loan Collection code Home library Current library Date acquired Cost, normal purchase price Total Checkouts Full call number Barcode Date last seen Price effective from Koha item type
    Dewey Decimal Classification     Zoology St Aloysius Library St Aloysius Library 02/17/2021 0.00   590/234 010806 02/17/2021 02/17/2021 Book
    Dewey Decimal Classification     Zoology St Aloysius Library St Aloysius Library 02/17/2021 0.00   590/235 010807 02/17/2021 02/17/2021 Book